Programa de Derecho Penal: Parte general /
Obra dividida en tres partes. En la primera se presentan las nociones fundamentales del derecho penal. En la segunda se desarrolla la teoría de la norma penal y, por último, se expone la teoría del delito.
Guardado en:
| Autor principal: | |
|---|---|
| Formato: | Libro |
| Idioma: | Español |
| Edición: | 3a edición |
| Temas: | |
| Etiquetas: |
Sin etiquetas, Sé el primero en etiquetar este registro!
|
MARC
| LEADER | 00000nam^a2200000^a^4500 | ||
|---|---|---|---|
| 001 | 000035749 | ||
| 005 | 20250521000000.0 | ||
| 009 | 20260310085324.66 | ||
| 020 | |a 968-24-2869-6 | ||
| 037 | |a Acervo ITESO - Biblioteca | ||
| 041 | |a ESP | ||
| 082 | |a 345. |b POR | ||
| 100 | |a Porte Petit Candaudap, Celestino |e (autor) | ||
| 245 | 1 | 0 | |a Programa de Derecho Penal: Parte general / |c C. Porte Petit Candaudap; pról. de: Luis Garrido y Mariano Jiménez Huerta. |
| 250 | |a 3a edición | ||
| 264 | |a México : |b Trillas, |c 1990 | ||
| 300 | |a 954 p. | ||
| 336 | |a texto |b txt |2 rdacontenido | ||
| 337 | |a sin mediación |b n |2 rdamedio | ||
| 338 | |a volumen |b nc |2 rdasoporte | ||
| 520 | |a Obra dividida en tres partes. En la primera se presentan las nociones fundamentales del derecho penal. En la segunda se desarrolla la teoría de la norma penal y, por último, se expone la teoría del delito. | ||
| 649 | |a XX | ||
| 650 | |a Derecho Público | ||
| 650 | |a Derecho Penal | ||
| 910 | |a Fondo General | ||
| 920 | |a Impresos - Libros | ||
| 930 | |a Colección General | ||
| 905 | |a 101 | ||
| 901 | |a 0357490100 |b IT1 |c ACC |i 035749 |u 20250521 | ||
| 902 | |a https://opac.biblio.iteso.mx/vufind/Record/000035749 | ||